Farocki/Godard. Film as Theory (Record no. 62500)
[ view plain ]
| 000 -LEADER | |
|---|---|
| fixed length control field | 01605nam a2200241Ii 4500 |
| 008 - FIXED-LENGTH DATA ELEMENTS--GENERAL INFORMATION | |
| fixed length control field | 221202s xx 000 0 und d |
| 100 1# - MAIN ENTRY--PERSONAL NAME | |
| Personal name | Pantenburg, Volker, |
| Relator term | author |
| 245 #0 - TITLE STATEMENT | |
| Title | Farocki/Godard. Film as Theory |
| 264 ## - PRODUCTION, PUBLICATION, DISTRIBUTION, MANUFACTURE, AND COPYRIGHT NOTICE | |
| Name of producer, publisher, distributor, manufacturer | Amsterdam University Press |
| Date of production, publication, distribution, manufacture, or copyright notice | 2015 |
| 300 ## - PHYSICAL DESCRIPTION | |
| Extent | 1 online resource (292 pages) |
| 336 ## - CONTENT TYPE | |
| Content type term | text |
| Content type code | txt |
| Source | rdacontent |
| 337 ## - MEDIA TYPE | |
| Media type term | computer |
| Media type code | c |
| Source | rdamedia |
| 338 ## - CARRIER TYPE | |
| Carrier type term | online resource |
| Carrier type code | cr |
| Source | rdacarrier |
| 490 ## - SERIES STATEMENT | |
| Series statement | Film Culture in Transition |
| 520 ## - SUMMARY, ETC. | |
| Summary, etc. | There is a tension between the requirements of theoretical abstraction and the capacities of the film medium, where everything that we see on screen is concrete: A train arriving at a station, a tree, bodies, faces. Since the complex theories of montage in Soviet cinema, however, there have continuously been attempts to express theoretical issues by combining shots, thus creating a visual form of thinking. This book brings together two major filmmakers-French New Wave master Jean-Luc Godard and German avant-gardist Harun Farocki to explore the fundamental tension between theoretical abstraction and the capacities of film itself, a medium where everything seen onscreen is necessarily concrete. Volker Pantenburg shows how these two filmmakers explored the potential of combined shots and montage to create film as theory. |
| 653 ## - INDEX TERM--UNCONTROLLED | |
| Uncontrolled term | Essay Film |
| 653 ## - INDEX TERM--UNCONTROLLED | |
| Uncontrolled term | Film Theory |
| 653 ## - INDEX TERM--UNCONTROLLED | |
| Uncontrolled term | Harun Farocki |
| 653 ## - INDEX TERM--UNCONTROLLED | |
| Uncontrolled term | Jean-Luc Godard |
| 653 ## - INDEX TERM--UNCONTROLLED | |
| Uncontrolled term | Photography |
| 856 ## - ELECTRONIC LOCATION AND ACCESS | |
| Uniform Resource Identifier | <a href="https://library.oapen.org/bitstream/20.500.12657/32375/1/611670.pdfhttp://library.oapen.org/handle/20.500.12657/32375">https://library.oapen.org/bitstream/20.500.12657/32375/1/611670.pdfhttp://library.oapen.org/handle/20.500.12657/32375</a> |
| 942 ## - ADDED ENTRY ELEMENTS (KOHA) | |
| Koha item type | E-Book |
| Withdrawn status | Damaged status | Not for loan | Home library | Current library | Date acquired | Total Checkouts | Date last seen | Price effective from | Koha item type |
|---|---|---|---|---|---|---|---|---|---|
| Directory of Open Access Books | Directory of Open Access Books | 11/28/2022 | 11/28/2022 | 11/28/2022 | E-Book |